000 00441nam a2200133Ia 4500
008 170221s9999 xx 000 0 und d
100 _aJun Zhang
245 _aResource Allocation in Full Duplex Heterogeneous Networks with eICIC
245 _cJun Zhang and Hui Tian
260 _bJournal of Communications
650 _xCommunication
650 _xMedia Arts
856 _uhttp://www.jocm.us/index.php?m=content&c=index&a=lists&catid=132
999 _c312582
_d312582